Države koje graniče sa Rusijom - Statistics

General Stats
  • This quiz has been taken 358 times
  • The average score is 10 of 14
Answer Stats
Dužina granice Država % Correct
4 209,3 km Kina
97%
1 974,04 km Ukrajina
97%
1 239,0 km Bjelorusija
90%
1 271,8 km Finska
88%
3 485,0 km Mongolija
88%
324,8 km Estonija
85%
7 512,8 km Kazahstan
84%
270,5 km Latvija
80%
894,0 km Gruzija
69%
17,3 km Sjeverna Koreja
63%
204,1 km Poljska
62%
195,8 km Norveška
51%
266,0 km Litvanija
35%
327,6 km Azerbejdžan
27%
No matching quizzes found
Score Distribution
Percent of People with Each Score
Percentile by Number Answered
Your Score History
You have not taken this quiz